Analýza efektívnosti a reforma slovenského zdravotníctva diplomová práca

Na minha lista:
Detalhes bibliográficos
Autor principal: Staník, Denis
Autor Corporativo: Národohospodárska fakulta EU. Katedra hospodárskej politiky
Outros Autores: Pobudová, Daniela, 1982-
Formato: Livro
Idioma:eslovaco
Publicado em: Bratislava 2019
Tags: Adicionar Tag
Sem tags, seja o primeiro a adicionar uma tag!

MARC

LEADER 00000nbm a2200000 4500
001 0254995
005 20190722122859.8
041 0 |a slo 
044 |a SK 
245 1 0 |a Analýza efektívnosti a reforma slovenského zdravotníctva  |b diplomová práca  |c Denis Staník ; školiteľ: Daniela Pobudová 
264 1 |a Bratislava  |c 2019 
300 |a 78 s. 
100 1 |a Staník, Denis 
700 1 |a Pobudová, Daniela, 1982- 
710 2 |a Národohospodárska fakulta EU. Katedra hospodárskej politiky